000 00318nam a22001217a 4500
082 _a307.12160951
_bCHI
_cD
245 _aChina
_bsmall towns development Beijing conference 1995
260 _aChina.:
_c1995
300 _a144 p.
526 _a0
_b0
_c0
_d307_121609510000000_CHI
650 _aNUST
_96342
942 _2ddc
_cBK
999 _c542472
_d542472